Intermediate algebra

Saved in:
Bibliographic Details
Main Author: Miller, Julie
Format: Book
Language:Undetermined
Published: Boston McGraw-Hill Higher Education 2007
Subjects:
Tags: Add Tag
No Tags, Be the first to tag this record!
Institutions: Trung tâm Học liệu Trường Đại học Cần Thơ
LEADER 00560nam a2200193Ia 4500
001 CTU_164215
008 210402s9999 xx 000 0 und d
020 |c 75 
082 |a 512.9 
082 |b M647 
100 |a Miller, Julie 
245 0 |a Intermediate algebra 
245 0 |c Julie Miller, Molly O’Neill, Nancy Hyde ; with contributions by Mitchel Levy 
260 |a Boston 
260 |b McGraw-Hill Higher Education 
260 |c 2007 
650 |a Algebra,Số học 
910 |a Nguyên 
980 |a Trung tâm Học liệu Trường Đại học Cần Thơ